00702nam a2200241 a 4500001001300000003000900013005001700022008004100039020001000080082001500090100002200105245003300127260004900160300000900209500003500218505003300253650001100286700002200297902000800319942000700327952011100334999001500445nice12345678IN_TiNIC20260116011617.0050524s1959 mica grp 000 0 eng  ac6.500a264.1bRIN aRinkker, Rosalind aPrayerb Conversing With God aMichigan bZondervan Publishing House c1959 a115p aincludes index and biblioraphy2 aSocial Concerns Series No.11 aPrayer1 aRinkker, Rosalind bSRS cBK 001040708StackRoom-aHMIbHMId2007-07-11g6.50l0o264.1 RINp03455r2007-07-11v6.50w2005-05-24yBK c2878d2878